[Event "Detroit (Class DE/2/8)"]
[Site "?"]
[Date "1996.??.??"]
[Round "?"]
[White "Raupp, Sarah"]
[Black "Jaskot, Allan"]
[Result "0-1"]
[WhiteElo "1605"]
[BlackElo "1605"]
[PlyCount "142"]
[EventDate "1996.??.??"]

{2/(8)} 1. f4 d5 2. e3 e6 3. b3 d4 4. Bb2 dxe3 5. dxe3 Qxd1+ 6. Kxd1 Bd7 7. Nd2
Nc6 8. Ngf3 f6 9. Bb5 O-O-O 10. Ke2 Bb4 11. Rhd1 a6 12. Bxc6 Bxc6 13. g3 Ne7
14. Nd4 Bxd2 15. Rxd2 e5 16. Nxc6 Rxd2+ 17. Kxd2 Nxc6 18. Ke2 Rd8 19. Rd1 Rxd1
20. Kxd1 Kd7 21. Ke2 exf4 22. gxf4 Nb4 23. Ba3 Nxc2 24. Bf8 g6 25. Kd2 Ke8 26.
Bc5 b6 27. Bxb6 cxb6 28. Kxc2 Kf7 29. Kc3 Ke6 30. a4 Kd5 31. Kd3 f5 32. h4 Kc5
33. e4 Kb4 34. e5 Kc5 35. Kc3 Kd5 36. b4 h6 37. Kd3 g5 38. fxg5 hxg5 39. hxg5
Kxe5 40. Ke3 f4+ 41. Kf3 Kf5 42. g6 Kxg6 43. Kxf4 Kf6 44. Ke4 Ke6 45. Kd4 Kd6
46. Kc4 Kc6 47. a5 b5+ 48. Kb3 Kd5 49. Kc3 Ke4 50. Kb3 Kd4 51. Kb2 Kc4 52. Ka3
Kc3 53. Ka2 Kxb4 54. Kb2 Kxa5 55. Ka3 b4+ 56. Kb3 Kb5 57. Ka2 Kc4 58. Kb2 a5
59. Kc2 a4 60. Kb2 Kd3 61. Kc1 Kc3 62. Kb1 b3 63. Ka1 a3 64. Kb1 b2 65. Ka2 Kc2
66. Kxa3 b1=Q 67. Ka4 Kc3 68. Ka5 Kc4 69. Ka6 Kc5 70. Ka7 Kc6 71. Ka8 Qb7# 0-1

[Event "Lansing (MOR/5/42)"]
[Site "?"]
[Date "1996.??.??"]
[Round "?"]
[White "Raupp, Sarah"]
[Black "Hill, M."]
[Result "1/2-1/2"]
[WhiteElo "1605"]
[BlackElo "1605"]
[PlyCount "115"]
[EventDate "1996.??.??"]

{5/(42)} 1. f4 g6 2. e3 Bg7 3. Nf3 d6 4. Nc3 e5 5. Qe2 c6 6. b3 exf4 7. exf4+
Ne7 8. Bb2 O-O 9. O-O-O Re8 10. Re1 Bd7 11. Qf2 Na6 12. a3 Nc7 13. h4 h5 14.
Bd3 Bf5 15. Ne4 Bxb2+ 16. Kxb2 Ned5 17. g3 Nf6 18. Nfg5 d5 19. Nxf6+ Qxf6+ 20.
Kb1 Bxd3 21. cxd3 Nb5 22. Ka2 Qd6 23. b4 a5 24. Qc5 axb4 25. Rxe8+ Rxe8 26.
Qxd6 Nxd6 27. axb4 f6 28. Nf3 Kf7 29. Kb3 Re2 30. Rf1 Rg2 31. Rg1 Rf2 32. Nd4
Rxd2 33. Kc3 Ra2 34. Kb3 Ra8 35. Re1 Re8 36. Ra1 Re3 37. Kc2 Rxg3 38. Ra7 Rg4
39. Nxc6 Rxf4 40. Nd8+ Ke7 41. Nxb7 Rxb4 42. Nc5+ Ke8 43. Ra8+ Kf7 44. Ra7+ Kf8
45. Ra8+ Ne8 46. Rd8 Ke7 47. Rd7+ Kf8 48. Ne6+ Kg8 49. Re7 Rb8 50. Nf4 g5 51.
hxg5 fxg5 52. Nxh5 Rc8+ 53. Kd2 Kf8 54. Re5 Rd8 55. Rxg5 Kf7 56. Nf4 Nc7 57.
Ke3 Kf6 58. Rh5 1/2-1/2

[Event "Detroit (MI Women/3/4)"]
[Site "?"]
[Date "1996.??.??"]
[Round "?"]
[White "Raupp, Sarah"]
[Black "Dezerne, T."]
[Result "1-0"]
[WhiteElo "1605"]
[BlackElo "1605"]
[PlyCount "55"]
[EventDate "1996.??.??"]

{3/(4)} 1. f4 e6 2. e3 d5 3. b3 Nf6 4. Bb2 Bc5 5. Nf3 Ne4 6. Bxg7 Rg8 7. Bd4
Qd6 8. d3 Bb4+ 9. c3 Bxc3+ 10. Nxc3 Qb4 11. dxe4 dxe4 12. Ng5 c5 13. Bf6 Nc6
14. Bb5 Bd7 15. Qd6 Rg6 16. Bxc6 Rxf6 17. Qxd7+ Kf8 18. Nxh7+ Kg7 19. Nxf6
Qxc3+ 20. Kf2 bxc6 21. Nxe4 Qb2+ 22. Kf3 Rh8 23. Ng5 e5 24. Qxf7+ Kh6 25. Qf6+
Kh5 26. Qxh8+ Kg6 27. Qh7+ Kf6 28. Qf7# 1-0

[Event "Flint (MI Jr/2/17)"]
[Site "?"]
[Date "1996.??.??"]
[Round "?"]
[White "Raupp, Sarah"]
[Black "Bentley, S."]
[Result "0-1"]
[WhiteElo "1605"]
[BlackElo "1605"]
[PlyCount "112"]
[EventDate "1996.??.??"]

{2/(17)} 1. f4 d5 2. e3 Bf5 3. b3 e6 4. Bb2 Nf6 5. Nf3 Bd6 6. Be2 O-O 7. O-O
Bg4 8. Ne5 Bxe2 9. Qxe2 Bxe5 10. Bxe5 Nc6 11. Nc3 Nxe5 12. fxe5 Nd7 13. d4 f6
14. Qg4 Qe7 15. Rf3 fxe5 16. Rxf8+ Rxf8 17. dxe5 Nxe5 18. Qd4 Qf6 19. Qf4 Nf3+
20. gxf3 Qxc3 21. Qd4 Qxd4 22. exd4 Rxf3 23. Kg2 Rf5 24. Re1 Kf7 25. h4 g5 26.
Rf1 Rxf1 27. Kxf1 gxh4 28. Kg2 Kg6 29. Kh3 Kh5 30. a4 a5 31. c3 c6 32. c4 b6
33. Kh2 dxc4 34. bxc4 Kg4 35. Kg2 Kf4 36. Kf2 Ke4 37. Kg2 Kxd4 38. Kh3 Kxc4 39.
Kxh4 e5 40. Kg3 e4 41. Kf2 Kd4 42. Ke2 c5 43. Kd2 e3+ 44. Ke2 c4 45. Ke1 Kd3
46. Kd1 e2+ 47. Ke1 c3 48. Kf2 Kd2 49. Kg1 e1=Q+ 50. Kh2 Ke3 51. Kg2 Qf2+ 52.
Kh1 Qf6 53. Kg1 Qf2+ 54. Kh1 Qc2 55. Kg1 Kf3 56. Kh1 Qg2# 0-1

[Event "Detroit (MI Women/1/6)"]
[Site "?"]
[Date "1996.??.??"]
[Round "?"]
[White "Raupp, Sarah"]
[Black "Barone, C."]
[Result "1-0"]
[WhiteElo "1605"]
[BlackElo "1605"]
[PlyCount "49"]
[EventDate "1996.??.??"]

{1/(6)} 1. f4 e6 2. e3 Nc6 3. b3 Nf6 4. Bb2 Bd6 5. Nf3 b6 6. Bb5 Bb7 7. O-O Qe7
8. d3 O-O-O 9. Nbd2 Bc5 10. Qe2 a6 11. Bxc6 dxc6 12. Nc4 h6 13. a3 g5 14. fxg5
hxg5 15. Nxg5 Rdg8 16. Bxf6 Qe8 17. Bxh8 Rxh8 18. Rxf7 Qg8 19. Qg4 b5 20. d4
bxc4 21. dxc5 cxb3 22. cxb3 Qg6 23. Raf1 Qh6 24. h3 Kb8 25. R1f6 1-0

[Event "Lansing (MI Op/5/30)"]
[Site "?"]
[Date "1996.??.??"]
[Round "?"]
[White "Raupp, Kenneth L"]
[Black "Williams, Ron"]
[Result "0-1"]
[WhiteElo "1685"]
[BlackElo "1905"]
[PlyCount "37"]
[EventDate "1996.??.??"]

{5/(30)} 1. f4 e5 2. fxe5 f6 3. exf6 Nxf6 4. Nf3 Bc5 5. d4 Bb6 6. Bg5 O-O 7. e4
Qe8 8. Qd3 h6 9. Bxf6 Rxf6 10. Nbd2 d6 11. O-O-O Nc6 12. c3 a5 13. Re1 a4 14.
h3 Qh5 15. Nc4 d5 16. Nxb6 cxb6 17. e5 Bf5 18. Qd1 Re6 19. Bd3 {]Remainder
illegible; 0-1, 49?]} 0-1

[Event "Detroit (Class B/1/9)"]
[Site "?"]
[Date "1996.??.??"]
[Round "?"]
[White "Raupp, Kenneth L"]
[Black "Rosenberg, Steve"]
[Result "1/2-1/2"]
[WhiteElo "1675"]
[BlackElo "1740"]
[PlyCount "71"]
[EventDate "1996.??.??"]

{1/(9)} 1. f4 g6 2. e4 Bg7 3. d4 d6 4. Nf3 Nf6 5. Nc3 Bg4 6. h3 Bxf3 7. Qxf3
Nbd7 8. e5 dxe5 9. fxe5 Ng8 10. Bc4 e6 11. O-O Qe7 12. Qxb7 Nb6 13. Bb5+ Kf8
14. Na4 Rd8 15. c3 Bh6 16. Nc5 a5 17. Qe4 Kg7 18. Bf4 Nd5 19. Bxh6+ Nxh6 20. c4
Nb6 21. b3 Nf5 22. Rad1 Ng3 23. Qe3 Nxf1 24. Rxf1 Qh4 25. Rf4 Qe7 26. Ne4 Rc8
27. Bc6 Nd7 28. Nf6 Nb8 29. Be4 c5 30. d5 exd5 31. Bxd5 Rcf8 32. Rh4 h5 33. Qg5
Qd8 34. Rxh5 Nd7 35. Rxh8 Rxh8 36. Nh5+ 1/2-1/2

[Event "Lansing (MI Op/2/35)"]
[Site "?"]
[Date "1996.??.??"]
[Round "?"]
[White "Raupp, Kenneth L"]
[Black "Morabito, Matthew"]
[Result "0-1"]
[WhiteElo "1685"]
[BlackElo "1905"]
[PlyCount "62"]
[EventDate "1996.??.??"]

{2/(35)} 1. f4 Nf6 2. b3 g6 3. Bb2 Bg7 4. e3 O-O 5. Nf3 d6 6. Be2 c5 7. O-O Bd7
8. Qe1 Bc6 9. d3 Nbd7 10. Nc3 Nd5 11. Qd2 Re8 12. e4 Nxc3 13. Bxc3 e5 14. fxe5
Nxe5 15. Nxe5 dxe5 16. Qe3 b6 17. Rf3 Bd7 18. Raf1 Be6 19. R3f2 a5 20. Qg3 Ra7
21. h4 h5 22. Bxh5 gxh5 23. Bxe5 Bg4 24. Bxg7 Kxg7 25. e5 Qd4 26. Kh1 Qxe5 27.
Rf4 f5 28. Kh2 Rf7 29. R1f3 Qe1 30. Rf2 Re3 31. R4f3 f4 0-1

[Event "Detroit (Class B/4/13)"]
[Site "?"]
[Date "1996.??.??"]
[Round "?"]
[White "Raupp, Kenneth L"]
[Black "Libby, Dan"]
[Result "1-0"]
[WhiteElo "1675"]
[BlackElo "1740"]
[PlyCount "41"]
[EventDate "1996.??.??"]

{4/(13)} 1. f4 Nf6 2. b3 g6 3. Bb2 Bg7 4. Nf3 O-O 5. e3 b6 6. Be2 Bb7 7. O-O e6
8. Qe1 c5 9. h3 d5 10. d3 Nc6 11. a3 Ne7 12. g4 h5 13. Qh4 d4 14. e4 Qc7 15.
Ng5 Bh6 16. gxh5 Kg7 17. Rf2 Rh8 18. Bg4 Qc6 19. Nd2 Nxh5 20. Nxe6+ fxe6 21.
Qxe7+ 1-0

[Event "Lansing (MI Op/4/29)"]
[Site "?"]
[Date "1996.??.??"]
[Round "?"]
[White "Raupp, Kenneth L"]
[Black "Garrison, Ray"]
[Result "0-1"]
[WhiteElo "1685"]
[BlackElo "1925"]
[PlyCount "78"]
[EventDate "1996.??.??"]

{4/(29)} 1. f4 d6 2. Nf3 e5 3. fxe5 Nc6 4. exd6 Bxd6 5. g3 h5 6. d4 Bg4 7. Bg5
Qd7 8. Bg2 Qf5 9. Be3 Bh3 10. Nh4 Qe6 11. Qd2 Bxg2 12. Nxg2 O-O-O 13. c3 Nf6
14. Bf4 Nd5 15. Qd3 Rhe8 16. O-O g5 17. Bxd6 Rxd6 18. Qf3 Nf6 19. e3 h4 20.
gxh4 gxh4 21. Re1 Rg8 22. Kh1 Ng4 23. Nd2 Nce5 24. Qe2 Nd3 25. Rf1 h3 26. Nf4
Nxf4 27. Rxf4 Qxe3 28. Qxe3 Nxe3 29. Rg1 Rdg6 30. Rxg6 Rxg6 31. Ne4 Rg2 32. Rf2
Rg4 33. Ng3 Kd7 34. Rxf7+ Kd6 35. Rf3 Nd1 36. Nf5+ Kc6 37. Rg3 Rf4 38. Ne7+ Kd7
39. Rxh3 Nf2+ 0-1

[Event "Detroit (MI Action/3/7)"]
[Site "?"]
[Date "1996.??.??"]
[Round "?"]
[White "Raupp, Kenneth A"]
[Black "Zuniga, Jesus"]
[Result "1/2-1/2"]
[WhiteElo "1605"]
[BlackElo "1605"]
[PlyCount "63"]
[EventDate "1996.??.??"]

{3/(7)} 1. f4 d5 2. Nf3 g6 3. e3 Bg7 4. Nc3 e6 5. Bd3 Ne7 6. b3 a6 7. Bb2 b5 8.
Rb1 c5 9. Nxd5 Bxb2 10. Nxe7 Qxe7 11. Rxb2 Bb7 12. O-O h5 13. Ng5 Nd7 14. Be4
Bxe4 15. Nxe4 h4 16. Qf3 Rd8 17. d3 Kf8 18. Rbb1 Kg7 19. Qg4 f5 20. Qg5 Qxg5
21. Nxg5 Kf6 22. Rbe1 e5 23. e4 exf4 24. Nf3 Rde8 25. Nd2 g5 26. exf5 Rxe1 27.
Rxe1 Kxf5 28. h3 Ne5 29. Nf3 Nxf3+ 30. gxf3 Kf6 31. Re4 Rd8 32. Kf2 1/2-1/2

[Event "Detroit (MI Action/5/4)"]
[Site "?"]
[Date "1996.??.??"]
[Round "?"]
[White "Raupp, Kenneth A"]
[Black "Sanborn, Richard"]
[Result "1-0"]
[WhiteElo "1605"]
[BlackElo "1810"]
[PlyCount "50"]
[EventDate "1996.??.??"]

{5/(4)} 1. f4 d5 2. Nf3 Nc6 3. e3 Nf6 4. Bb5 Bd7 5. b3 e6 6. Bb2 Be7 7. O-O a6
8. Bxc6 Bxc6 9. d3 O-O 10. Nbd2 b5 11. Ne5 Bb7 12. Ndf3 Nd7 13. Nxd7 Qxd7 14.
Ne5 Qd8 15. Qg4 c5 16. Nc6 Bf6 17. Nxd8 Bxb2 18. Rab1 Raxd8 19. Rxb2 f5 20. Qg5
Rf6 21. Rf3 Re8 22. Rg3 Rg6 23. Qh4 Rxg3 24. Qxg3 Re7 25. Rb1 d4 {[Remainder
illegible; 1-0, 37?]} 1-0

[Event "Lansing (MOR/1b/18)"]
[Site "?"]
[Date "1996.??.??"]
[Round "?"]
[White "Raupp, Kenneth A"]
[Black "Parker, Harvard"]
[Result "1-0"]
[WhiteElo "1605"]
[BlackElo "1605"]
[PlyCount "47"]
[EventDate "1996.??.??"]

1. f4 d5 2. e3 g6 3. Nf3 Bg7 4. Be2 c5 5. O-O Qb6 6. Nc3 d4 7. Nd5 Qd6 8. e4 e6
9. Nf6+ Nxf6 10. e5 Qc7 11. exf6 Bxf6 12. d3 O-O 13. Qe1 Nd7 14. Ng5 Bxg5 15.
fxg5 f6 16. Qh4 fxg5 17. Bxg5 b5 18. Bh6 Rxf1+ 19. Rxf1 Bb7 20. Qe7 Qe5 21.
Qxd7 Bxg2 22. Qf7+ Kh8 23. Qf8+ Rxf8 24. Rxf8# 1-0

[Event "Detroit (Class C/4/3)"]
[Site "?"]
[Date "1996.??.??"]
[Round "?"]
[White "Raupp, Kenneth A"]
[Black "Nikitin, Mike"]
[Result "1/2-1/2"]
[WhiteElo "1605"]
[BlackElo "1605"]
[PlyCount "75"]
[EventDate "1996.??.??"]

{4/(3)} 1. f4 d5 2. Nf3 c5 3. e3 Nc6 4. Bb5 Bd7 5. b3 a6 6. Bxc6 Bxc6 7. Bb2 e6
8. O-O Nf6 9. d3 Be7 10. Nbd2 Ng4 11. Bxg7 Rg8 12. Ng5 Nxe3 13. Qh5 Bxg5 14.
Rf3 Rxg7 15. fxg5 Qxg5 16. Qxg5 Rxg5 17. Rxe3 d4 18. Re2 Ke7 19. Rf1 Rag8 20.
g3 h5 21. Ne4 Bxe4 22. Rxe4 Rg4 23. Re5 R8g5 24. Rfe1 h4 25. Kg2 Kd6 26. Rxg5
Rxg5 27. Re4 hxg3 28. hxg3 Re5 29. Kf3 Rxe4 30. Kxe4 f5+ 31. Kf4 b5 32. a3 a5
33. a4 b4 34. g4 fxg4 35. Kxg4 Ke5 36. Kg5 Kd5 37. Kf6 Kd6 38. Kg6 1/2-1/2

[Event "Detroit (MI Action/1/16)"]
[Site "?"]
[Date "1996.??.??"]
[Round "?"]
[White "Raupp, Kenneth A"]
[Black "Goerke, Daniel"]
[Result "1-0"]
[WhiteElo "1605"]
[BlackElo "1605"]
[PlyCount "83"]
[EventDate "1996.??.??"]

{1/(16)} 1. f4 Nc6 2. Nf3 d6 3. e3 Nf6 4. Bb5 Bd7 5. O-O a6 6. Bxc6 Bxc6 7. b3
Bxf3 8. Qxf3 c6 9. Bb2 e6 10. Nc3 d5 11. Ne2 Be7 12. d3 O-O 13. Nd4 c5 14. Ne2
b6 15. Qh3 b5 16. Rf3 c4 17. Rg3 g6 18. Qh6 Nh5 19. Qxh5 f6 20. Rf1 Kf7 21.
Qxh7+ Ke8 22. Rxg6 cxd3 23. cxd3 Rc8 24. Nd4 e5 25. Ne6 Qd6 26. Nxf8 Bxf8 27.
Rc1 Rxc1+ 28. Bxc1 d4 29. e4 exf4 30. Qh8 Qb4 31. Kf2 Kd7 32. Qxf6 Be7 33. Qc6+
Kd8 34. Rg8+ Bf8 35. Qa8+ Kd7 36. Qxf8 Qxf8 37. Rxf8 Kd6 38. Bxf4+ Kc5 39. Rc8+
Kb6 40. Bd6 Ka5 41. Rb8 b4 42. Bc7# 1-0

[Event "Lansing (MOR/5/27)"]
[Site "?"]
[Date "1996.??.??"]
[Round "?"]
[White "Raupp, Kenneth A"]
[Black "Carpenter, O."]
[Result "0-1"]
[WhiteElo "1605"]
[BlackElo "1605"]
[PlyCount "52"]
[EventDate "1996.??.??"]

{5/(27)} 1. f4 Nf6 2. Nf3 g6 3. b3 Bg7 4. Nc3 Nc6 5. Bb2 O-O 6. e3 d5 7. Bb5
Bd7 8. O-O a6 9. Bxc6 Bxc6 10. Ne2 Nd7 11. Bxg7 Kxg7 12. Ne5 Nxe5 13. fxe5 e6
14. d4 f5 15. Nf4 Qe7 16. Rf3 Be8 17. Rh3 Bd7 18. Qf3 c5 19. Rf1 cxd4 20. exd4
Qa3 21. Qg3 Rh8 22. Nh5+ Kf7 23. Nf6 Bb5 24. Rf4 Qc1+ 25. Kf2 Qf1+ 26. Ke3 Qe2#
0-1

[Event "Detroit (Class C/2/6)"]
[Site "?"]
[Date "1996.??.??"]
[Round "?"]
[White "Raupp, Kenneth A"]
[Black "Boyle, John"]
[Result "1/2-1/2"]
[WhiteElo "1605"]
[BlackElo "1605"]
[PlyCount "131"]
[EventDate "1996.??.??"]

{2/(6)} 1. f4 c5 2. Nf3 Nc6 3. e3 Nf6 4. b3 g6 5. Bb2 Bg7 6. Bb5 O-O 7. Bxc6
bxc6 8. O-O Ba6 9. d3 Nd5 10. Bxg7 Nxe3 11. Qc1 Nxf1 12. Bxf8 Nxh2 13. Nxh2
Qxf8 14. Nf3 Qg7 15. Nbd2 f5 16. Ng5 e5 17. fxe5 Qxe5 18. Qe1 Qd4+ 19. Kh1 Qf6
20. Ndf3 h6 21. Nh3 g5 22. Nf2 Kf7 23. Qe5 Re8 24. Qxf6+ Kxf6 25. Re1 Rxe1+ 26.
Nxe1 d5 27. c4 Bc8 28. Nc2 Ke5 29. g3 g4 30. Kg2 h5 31. Nd1 f4 32. gxf4+ Kxf4
33. Nde3 Be6 34. Kf2 g3+ 35. Ke2 h4 36. Ng2+ Kg4 37. Nce3+ Kg5 38. Kf3 h3 39.
Kxg3 hxg2 40. Kxg2 Kf4 41. Kf2 Bf7 42. Ng2+ Ke5 43. Ke3 dxc4 44. dxc4 Bg6 45.
Ne1 Bb1 46. a3 Ba2 47. Nd3+ Kd6 48. Nc1 Bb1 49. b4 cxb4 50. axb4 Bg6 51. Kd4
Bf7 52. Nd3 Kc7 53. Kc5 Kb7 54. Ne5 Be8 55. Nd3 Bf7 56. Nf2 a5 57. bxa5 Ka6 58.
Kb4 Bxc4 59. Ne4 Bb5 60. Nc5+ Ka7 61. Nb3 Ka6 62. Nd4 Kb7 63. Nxb5 cxb5 64.
Kxb5 Ka7 65. a6 Ka8 66. Ka5 1/2-1/2

[Event "Detroit (Class C/5/4)"]
[Site "?"]
[Date "1996.??.??"]
[Round "?"]
[White "Raupp, Kenneth A"]
[Black "Bloch, Hermann"]
[Result "0-1"]
[WhiteElo "1605"]
[BlackElo "1605"]
[PlyCount "66"]
[EventDate "1996.??.??"]

{5/(4)} 1. f4 d6 2. Nf3 Nc6 3. e4 a6 4. b3 e5 5. fxe5 dxe5 6. Bb2 Bg4 7. Bc4
Nh6 8. O-O Nd4 9. Be2 Nxe2+ 10. Qxe2 Bc5+ 11. Kh1 Qe7 12. d3 Bh5 13. h3 f6 14.
Nc3 c6 15. Qe1 g5 16. g4 Bxg4 17. hxg4 Nxg4 18. Nd1 O-O-O 19. Qg3 h5 20. Kg2
Be3 21. Bc1 Bf4 22. Bxf4 gxf4 23. Qh3 Qd7 24. Nh2 Rdg8 25. Kf3 Nxh2+ 26. Qxh2
Rg3+ 27. Kf2 Qd4+ 28. Ke1 Qxa1 29. Qh4 Qc1 30. Qxf6 Re3+ 31. Kf2 Qd2+ 32. Kg1
Rg8+ 33. Kh1 Qg2# 0-1

[Event "Lansing (MOR/3/24)"]
[Site "?"]
[Date "1996.??.??"]
[Round "?"]
[White "Raupp, Kenneth A"]
[Black "Andreas, L."]
[Result "1-0"]
[WhiteElo "1605"]
[BlackElo "1605"]
[PlyCount "61"]
[EventDate "1996.??.??"]

{3/(24)} 1. f4 Nf6 2. b3 d5 3. e3 Bf5 4. Nf3 h6 5. Bb2 e6 6. Bd3 Bxd3 7. cxd3
Nc6 8. O-O Be7 9. Nc3 d4 10. Ne4 dxe3 11. dxe3 O-O 12. Nxf6+ Bxf6 13. Bxf6 Qxf6
14. d4 Rad8 15. Ne5 Nb4 16. Qc1 c6 17. Qc5 Nd5 18. Rfe1 a6 19. Qa7 Qe7 20. Rac1
f6 21. Ng6 Qa3 22. Nxf8 Nxe3 23. Nxe6 Qb2 24. Rxe3 Qxc1+ 25. Kf2 c5 26. Qxb7
Qc2+ 27. Re2 Qg6 28. Nxd8 cxd4 29. Qc8 Kh7 30. Ne6 d3 31. Nf8+ 1-0

[Event "Detroit (Class C/4/4)"]
[Site "?"]
[Date "1996.??.??"]
[Round "?"]
[White "Raupp, Helene"]
[Black "Spencer, Gordon"]
[Result "0-1"]
[WhiteElo "1605"]
[BlackElo "1605"]
[PlyCount "118"]
[EventDate "1996.??.??"]

{4/(4)} 1. f4 d5 2. e3 Nf6 3. b3 Bf5 4. Bb2 e6 5. Nf3 Be7 6. Be2 Nbd7 7. h3 O-O
8. d3 c6 9. g4 Bxg4 10. hxg4 Nxg4 11. Qd2 Bf6 12. Bxf6 Qxf6 13. d4 Qe7 14. Ng5
Ngf6 15. Bd3 g6 16. Qh2 h5 17. Nd2 Qa3 18. Ndf3 Kg7 19. Nh4 Ng4 20. Qh3 Qb4+
21. Ke2 Ndf6 22. Nxg6 fxg6 23. Nxe6+ Kf7 24. Nxf8 Rxf8 25. c4 Re8 26. Rhg1
Rxe3+ 27. Qxe3 Nxe3 28. Bxg6+ Ke7 29. Kxe3 Qc3+ 30. Bd3 Ng4+ 31. Rxg4 hxg4 32.
Rg1 dxc4 33. bxc4 Qa3 34. Ke4 Qxa2 35. Rxg4 a5 36. f5 a4 37. Rg7+ Kf6 38. Rg6+
Kf7 39. d5 cxd5+ 40. cxd5 Qb2 41. d6 Qb4+ 42. Kd5 Qa5+ 43. Ke4 a3 44. Bc4+ Ke8
45. f6 Qe1+ 46. Kd5 Qh1+ 47. Kd4 Qh4+ 48. Kc3 Qe1+ 49. Kd4 Qd2+ 50. Bd3 a2 51.
Ke4 a1=Q 52. Bb5+ Kf7 53. Rg7+ Kxf6 54. Rxb7 Qg2+ 55. Kd3 Qxb7 56. Ke3 Qxb5 57.
Ke4 Qaa4+ 58. Ke3 Qbb3+ 59. Kd2 Qaa2+ 0-1

[Event "Detroit (MI Women/3/1)"]
[Site "?"]
[Date "1996.??.??"]
[Round "?"]
[White "Raupp, Helene"]
[Black "Skidmore, Jennifer"]
[Result "1-0"]
[WhiteElo "1605"]
[BlackElo "1900"]
[PlyCount "127"]
[EventDate "1996.??.??"]

{3/(1)} 1. f4 d5 2. e3 Nf6 3. b3 g6 4. Bb2 Bg7 5. Nf3 Bg4 6. Be2 Nbd7 7. O-O
O-O 8. d3 c5 9. Nbd2 Re8 10. e4 e6 11. e5 Nh5 12. Ng5 Bxe2 13. Qxe2 Bh6 14. Qg4
Qe7 15. h4 Rac8 16. Qh3 Bf8 17. g4 Ng7 18. Rae1 b5 19. h5 gxh5 20. gxh5 Nf5 21.
Qg4 Kh8 22. Ndf3 Bh6 23. Kf2 Rg8 24. Rg1 c4 25. Nd4 Bxg5 26. fxg5 Qc5 27. Kf1
Nxd4 28. Bxd4 Qe7 29. dxc4 bxc4 30. c3 cxb3 31. axb3 Nf8 32. b4 h6 33. g6 fxg6
34. Re2 g5 35. Rf2 Nd7 36. Rg3 Rgf8 37. Rgf3 Rxf3 38. Rxf3 Rf8 39. Rxf8+ Nxf8
40. Bc5 Qf7+ 41. Ke2 Nd7 42. Bxa7 Kh7 43. Bd4 Nb8 44. Bc5 Nc6 45. Bd6 Kg7 46.
b5 Na7 47. b6 Nb5 48. Kd3 Nxd6 49. exd6 Qd7 50. Qd4+ Kf7 51. Qc5 Kf6 52. Qc7
Qb5+ 53. Kd4 e5+ 54. Ke3 d4+ 55. cxd4 Qb3+ 56. Ke4 Qb1+ 57. Kd5 Qh1+ 58. Kc5
Qc1+ 59. Kb5 Qf1+ 60. Kc6 Qb1 61. Kd7 exd4 62. Qd8+ Kf5 63. Qf8+ Kg4 64. Qc8
1-0

[Event "Detroit (MI Women/1/2)"]
[Site "?"]
[Date "1996.??.??"]
[Round "?"]
[White "Raupp, Helene"]
[Black "Rahal, N."]
[Result "1-0"]
[WhiteElo "1605"]
[BlackElo "1605"]
[PlyCount "61"]
[EventDate "1996.??.??"]

{1/(2)} 1. f4 e6 2. b3 Nc6 3. e4 Nf6 4. e5 Nd5 5. d4 Bb4+ 6. Kf2 O-O 7. Nf3 d6
8. c4 Nc3 9. Qc2 dxe5 10. Nxc3 Nxd4 11. Qb2 Nxf3 12. Kxf3 Qd4 13. Ne4 Qd1+ 14.
Qe2 Qd4 15. Bb2 Bc3 16. Bxc3 Qb6 17. Bxe5 Qa5 18. Rd1 b6 19. Qc2 f6 20. Bc3
Qh5+ 21. Kf2 Qf5 22. g3 Bb7 23. Bd3 c5 24. Nxf6+ gxf6 25. Bxf5 Bxh1 26. Bxh7+
Kf7 27. Qg6+ Ke7 28. Qg7+ Rf7 29. Bxf6+ Ke8 30. Qg8+ Rf8 31. Qxe6# 1-0

[Event "Detroit (Class C/2/1)"]
[Site "?"]
[Date "1996.??.??"]
[Round "?"]
[White "Raupp, Helene"]
[Black "Piasecki, Vince"]
[Result "0-1"]
[WhiteElo "1605"]
[BlackElo "1605"]
[PlyCount "68"]
[EventDate "1996.??.??"]

{2/(1)} 1. f4 e6 2. Nf3 c5 3. b3 Nc6 4. Bb2 Nf6 5. e3 d5 6. Bb5 Bd7 7. O-O Be7
8. Bxc6 Bxc6 9. Ne5 Qc7 10. d3 Bd6 11. Nd2 O-O-O 12. g4 Bxe5 13. Bxe5 Qb6 14.
g5 Ne8 15. a4 f6 16. a5 Qa6 17. Bb2 Rg8 18. Qg4 Bd7 19. Kf2 e5 20. Qh4 fxg5 21.
Qxg5 exf4 22. Qxd5 fxe3+ 23. Kxe3 Qh6+ 24. Rf4 Nc7 25. Qxc5 Rge8+ 26. Be5 Bc6
27. Ne4 Nd5+ 28. Kf3 Rxe5 29. Rg4 Qh3+ 30. Rg3 Rf5+ 31. Ke2 Qxh2+ 32. Ke1 Re8
33. c4 Qxg3+ 34. Kd2 Qg2+ 0-1

[Event "Lansing (MOR/2/2)"]
[Site "?"]
[Date "1996.??.??"]
[Round "?"]
[White "Raupp, Helene"]
[Black "McGrath, Michael"]
[Result "0-1"]
[WhiteElo "1605"]
[BlackElo "1750"]
[PlyCount "74"]
[EventDate "1996.??.??"]

{2/(2)} 1. f4 d5 2. e3 Nf6 3. b3 Bg4 4. Nf3 e6 5. Bb2 Bd6 6. Be2 Nc6 7. d3 Qe7
8. Nbd2 h5 9. h3 Bf5 10. Ne5 Bxe5 11. fxe5 Nd7 12. Nf3 O-O-O 13. a4 f6 14. exf6
gxf6 15. Nh4 Qh7 16. Rf1 Ne7 17. Qd2 Qg7 18. Bf3 Qg5 19. Qf2 Ne5 20. Ba3 Rh7
21. Bxe7 Rxe7 22. Nxf5 exf5 23. O-O-O d4 24. Bxh5 Qxh5 25. exd4 Nd7 26. Qxf5
Qxf5 27. Rxf5 Rg7 28. g4 Rh8 29. Rf3 Rgh7 30. Rh1 Rh4 31. Rg3 Kd8 32. Kd2 Nf8
33. Ke2 Ne6 34. c3 Ng5 35. Rf1 Ke7 36. Re3+ Kf7 37. Rf5 Rxh3 0-1

[Event "Lansing (MOR/4/11)"]
[Site "?"]
[Date "1996.??.??"]
[Round "?"]
[White "Raupp, Helene"]
[Black "Marson, Michael"]
[Result "0-1"]
[WhiteElo "1605"]
[BlackElo "1725"]
[PlyCount "114"]
[EventDate "1996.??.??"]

{4/(11)} 1. f4 g6 2. e3 d5 3. Nf3 Bg7 4. d4 Nf6 5. h3 c5 6. Bb5+ Bd7 7. c4 Bxb5
8. cxb5 Qa5+ 9. Nc3 Ne4 10. Qa4 Qxa4 11. Nxa4 Nd7 12. Nc3 cxd4 13. Nxd5 Rc8 14.
exd4 Ng3 15. Rg1 Nf5 16. Kd1 e6 17. Re1 Kd8 18. Nc3 Nxd4 19. Ng5 Ke7 20. Be3 h6
21. Nge4 f5 22. Ng3 Rhd8 23. Bxd4 Bxd4 24. Nge2 Be3 25. Kc2 Nf6 26. Rad1 Nd5
27. Kb3 Nxf4 28. Nxf4 Rxd1 29. Rxd1 Bxf4 30. Re1 Kf6 31. Kc2 Be5 32. Kd3 Bxc3
33. bxc3 e5 34. c4 b6 35. g3 e4+ 36. Kd4 Rd8+ 37. Ke3 Rd3+ 38. Kf2 Rd2+ 39. Re2
Rxe2+ 40. Kxe2 Ke5 41. Ke3 g5 42. a4 f4+ 43. gxf4+ gxf4+ 44. Ke2 Kd4 45. Kd2
Kxc4 46. Kc2 e3 47. Kd1 f3 48. Ke1 Kc3 49. a5 Kc2 50. axb6 axb6 51. h4 h5 52.
Kf1 Kd2 53. Kg1 Ke1 54. Kh2 Kf2 55. Kh3 e2 56. Kh2 e1=R 57. Kh3 Rh1# 0-1

[Event "Lansing (MOR/2/43)"]
[Site "?"]
[Date "1996.??.??"]
[Round "?"]
[White "Raupp, Christine"]
[Black "Sobh, Raed"]
[Result "1-0"]
[WhiteElo "1605"]
[BlackElo "1605"]
[PlyCount "65"]
[EventDate "1996.??.??"]

{2/(43)} 1. f4 d6 2. Nf3 Nc6 3. e3 e5 4. fxe5 Nxe5 5. d4 Ng6 6. e4 Bg4 7. Be2
Nf6 8. Bg5 Be7 9. Nc3 d5 10. Bxf6 Bxf6 11. Nxd5 O-O 12. O-O c6 13. Nxf6+ Qxf6
14. Ne5 Bxe2 15. Qxe2 Qd6 16. Nxg6 Qxd4+ 17. Kh1 hxg6 18. c3 Qe5 19. Rad1 Rae8
20. Rd7 Qxe4 21. Qxe4 Rxe4 22. Rxb7 Rfe8 23. h3 f6 24. Rxa7 Re2 25. Rd1 f5 26.
Rdd7 Rb8 27. Rxg7+ Kf8 28. b3 Rb6 29. Rxg6 f4 30. Rf6+ Ke8 31. Rxf4 c5 32. Rh4
Rf6 33. Rhh7 1-0

[Event "Detroit (MI Women/3/3)"]
[Site "?"]
[Date "1996.??.??"]
[Round "?"]
[White "Raupp, Christine"]
[Black "Rahal, C."]
[Result "1-0"]
[WhiteElo "1605"]
[BlackElo "1605"]
[PlyCount "81"]
[EventDate "1996.??.??"]

{3/(3)} 1. f4 d5 2. e3 Nf6 3. Nf3 e6 4. b3 g6 5. Bb2 Nc6 6. Bb5 Bd7 7. O-O Bg7
8. Bxc6 Bxc6 9. Ne5 Bb5 10. d3 O-O 11. Nd2 c6 12. Qf3 Qa5 13. Rf2 Qc7 14. Qh3
c5 15. g4 d4 16. e4 Nd7 17. Ndf3 f6 18. Nxd7 Bxd7 19. Bc1 b5 20. Rg2 c4 21.
Nxd4 Qb6 22. Be3 e5 23. fxe5 fxe5 24. Nf5 Qe6 25. Nxg7 Kxg7 26. Bh6+ Kh8 27.
Bxf8 Rxf8 28. Rf1 Rg8 29. Qh6 Qe7 30. Rgf2 Bc6 31. Rf8 cxb3 32. axb3 a5 33. h4
a4 34. h5 gxh5 35. Qf6+ Qg7 36. Qxg7+ Kxg7 37. Rxg8+ Kxg8 38. bxa4 bxa4 39.
gxh5 a3 40. c4 Kg7 41. Ra1 1-0

[Event "Detroit (MI Women/4/3)"]
[Site "?"]
[Date "1996.??.??"]
[Round "?"]
[White "Raupp, Christine"]
[Black "Mullane, K."]
[Result "0-1"]
[WhiteElo "1605"]
[BlackElo "1605"]
[PlyCount "38"]
[EventDate "1996.??.??"]

{4/(3)} 1. f4 d5 2. e3 Nc6 3. Bb5 Bd7 4. Nf3 Nb4 5. Bxd7+ Qxd7 6. O-O Nf6 7. b3
Qd6 8. Bb2 Ng4 9. h3 Nh6 10. d3 Nf5 11. Qe1 e6 12. Rf2 Be7 13. a3 Nc6 14. Nbd2
O-O 15. g4 Nh4 16. Ne5 d4 17. Nxc6 Qxc6 18. Bxd4 f6 19. Rf1 Qg2# 0-1